15 Plus grandes villes d'Italie (avec une carte) - Statistiques

Statistiques générales
  • Ce quiz a été pris 188 fois
  • Le résultat moyen est 10 sur 15
Réponses sur la Carte
Les réponses sont colorées sur une échelle allant du rouge au vert en fonction du pourcentage des utilisateurs qui les ont devinées à leur premier essai. Vous pouvez retrouver ces pourcentages ci-dessous.
 
Statistiques - réponses
Ville Population % Correct
Rome 2,7 million
100%
Milan 1,3 million
99%
Naples 910 mille
97%
Venise 250 mille
95%
Turin 860 mille
94%
Florence 360 mille
88%
Palerme 620 mille
81%
Gênes 560 mille
76%
Bologne 390 mille
68%
Bari 320 mille
58%
Vérone 260 mille
56%
Catane 300 mille
48%
Messine 220 mille
33%
Padoue 210 mille
26%
Brescia 200 mille
21%
Aucun quiz correspondant
Distribution des résultats
% des personnes avec chaque résultat
Percentile par nombre de réponses
Votre historique - résultats
Vous n’avez pas pris ce quiz